000 00638nam a2200229Ia 4500
003 OSt
005 20220928130553.0
006 a|||||r|||| 00| 0
007 ta
008 220927b |||||||| |||| 00| 0 eng d
024 _a74156
037 _cTextual
040 _aSDCL
_cSDCL
_beng
041 _2eng
_aeng
082 _aX:8:(S:44), L8
100 _aAnderson David R
245 0 _aEssentials of management science
_b Applications of decision making.
260 _aNew York
_b West Pub Co
_c1978
300 _axxi,602p
_ccm.
942 _hX:8:(S:44), L8
_cTEXL
_2CC
999 _c787245
_d787245